UM Logo

Young children and youtube : (Record no. 22508)

MARC details
000 -LEADER
fixed length control field 00599nam a22001457a 4500
005 - DATE AND TIME OF LATEST TRANSACTION
control field 20241011112748.0
008 - FIXED-LENGTH DATA ELEMENTS--GENERAL INFORMATION
fixed length control field 241011b |||||||| |||| 00| 0 eng d
100 ## - MAIN ENTRY--PERSONAL NAME
Personal name Neumann, Michelle M.
Relator term author.
9 (RLIN) 62837
245 ## - TITLE STATEMENT
Title Young children and youtube :
Remainder of title a global phenomenon /
Statement of responsibility, etc. Michelle M. Neumann, and Christothea Herodotou.
260 ## - PUBLICATION, DISTRIBUTION, ETC. (IMPRINT)
Place of publication, distribution, etc. Washington;
Name of publisher, distributor, etc. Taylor & Francis Group,
Date of publication, distribution, etc. July-August 2020.
300 ## - PHYSICAL DESCRIPTION
Extent Volume 96, pages 72-80,
Other physical details illustration.
700 ## - ADDED ENTRY--PERSONAL NAME
Personal name Neumann, Michelle M.
Relator term author.
9 (RLIN) 62836
Titles and other words associated with a name Christothea Herodotou.
700 ## - ADDED ENTRY--PERSONAL NAME
Personal name Herodotou, Christothea.
Relator term author.
9 (RLIN) 62838
942 ## - ADDED ENTRY ELEMENTS (KOHA)
Source of classification or shelving scheme Dewey Decimal Classification
Koha item type Periodicals
Holdings
Withdrawn status Lost status Source of classification or shelving scheme Damaged status Not for loan Collection code Home library Current library Date acquired Total Checkouts Date last seen Price effective from Koha item type Public note
    Dewey Decimal Classification     Periodicals UM Digos College - LIC UM Digos College - LIC 10/11/2024   10/11/2024 10/11/2024 Periodicals Periodical Article